Katalóg študentských prác 2014/15 /

Saved in:
Bibliographic Details
Other Authors: Tajkov, Peter (Editor)
Format: Book
Language:Slovak
Published: Košice : Fakulta umení Technickej univerzity v Košiciach, 2015
Tags: Add Tag
No Tags, Be the first to tag this record!

MARC

LEADER 00000nam a22000003a 4500
001 0013320
003 SK-STU
005 20160526113349.8
007 ta
008 160314s ----xo-----e------000-0-----d
020 |a 978-80-553-2189-9 
040 |a STU  |b slo 
041 0 |a slo 
245 1 0 |a Katalóg študentských prác 2014/15 /  |c ed. Peter Tajkov 
260 |a Košice :  |b Fakulta umení Technickej univerzity v Košiciach,  |c 2015 
300 |b 500 ks 
700 1 |a Tajkov, Peter  |4 edt 
996 |b 284AU06625  |c A* 9675/U  |l AAKNST  |s P  |a 0  |w 0013320_0001